El día y la noche en nuestro planeta /

Guardado en:
Formato: Deslizar
Series:Cómo, por qué, para qué?
Materias:
DIA
Etiquetas: Agregar Etiqueta
Sin Etiquetas, Sea el primero en etiquetar este registro!
LEADER 01058ngm a22003255g 4500
001 CEM.cems021779
008 130507b1993##################0###0#####d
005 20240910163816.0
245 0 0 |a El día y la noche en nuestro planeta / 
300 |a 10 
490 0 |a Cómo, por qué, para qué? 
500 |a En soporte VHS, consultar en ventanilla. 
505 0 |a El día y la noche. Ritmos biológicos. Movimientos de rotación terrestre. Horas de salida del sol en distintas ciudades del planeta. Husos horarios. 
538 |a Soporte: VHS - Norma: Pal N - Color - Grabación DRD 1993 - Hitachi=4328 
082 9 1 |/ CEA 
653 |a GEOGRAFIA 
653 |a PLANETAS 
653 |a TIERRA 
653 |a HUSOS HORARIOS 
653 |a RITMOS BIOLOGICOS 
653 |a RELOJ 
653 |a BIOLOGIA ANIMAL 
653 |a TIEMPO 
653 |a HORARIO 
653 |a DIA 
653 |a NOCHE 
653 |a ROTACION TERRESTRE 
653 |a NIVEL PRIMARIO 
653 |a NIVEL SECUNDARIO 
859 |a CEMS  |b BIB. CEMS - Depto. Recursos Didacticos  |h 910  |i CEA  |k DRD  |p 422.12  |t Ej.1